[Event "Memorial Xosé Enrique Rodríguez Peña"]
[Site "Ourense ESP"]
[Date "2007.06.07"]
[Round "1.1"]
[White "Lariño Nieto, David"]
[Black "Guliyev, Namig"]
[Result "0-1"]
[WhiteElo "2404"]
[BlackElo "2590"]
[PlyCount "82"]
[EventDate "2007.06.07"]
[EventType "tourn"]
[EventRounds "9"]
[EventCountry "ESP"]
[EventCategory "12"]
[Source "lmi"]
[SourceDate "2007.06.07"]

1. e4 c5 2. Nf3 e6 3. Nc3 Nc6 4. g3 Nf6 5. Bg2 d6 6. O-O Be7 7. Re1 O-O 8. d4
cxd4 9. Nxd4 Bd7 10. Ndb5 Qb8 11. Bg5 a6 12. Bxf6 gxf6 13. Nd4 Qa7 14. Nb3 b5
15. a4 b4 16. Nb5 Qb6 17. Nxd6 Ne5 18. Nc4 Qc7 19. Ne3 Rfd8 20. Qe2 Be8 21. Kh1
Nc6 22. Ng4 Ne5 23. Ne3 Nc6 24. Qh5 Qe5 25. Qg4+ Kh8 26. Nc4 Qc7 27. f4 Nd4 28.
Nxd4 Qxc4 29. c3 bxc3 30. bxc3 Qxc3 31. Ne2 Qa5 32. f5 e5 33. Qh4 Rac8 34. g4
Rc2 35. Rab1 Bxa4 36. Ra1 Qb4 37. Rab1 Qc5 38. Bf3 Bb5 39. Qh6 Bxe2 40. Bxe2
Qf2 41. Rbd1 Rg8 0-1

[Event "Memorial Xosé Enrique Rodríguez Peña"]
[Site "Ourense ESP"]
[Date "2007.06.07"]
[Round "1.4"]
[White "Nataf, Igor Alexandre"]
[Black "Graf, Alexander"]
[Result "0-1"]
[WhiteElo "2596"]
[BlackElo "2620"]
[PlyCount "84"]
[EventDate "2007.06.07"]
[EventType "tourn"]
[EventRounds "9"]
[EventCountry "ESP"]
[EventCategory "12"]
[Source "lmi"]
[SourceDate "2007.06.07"]

1. e4 c5 2. Nf3 e6 3. d4 cxd4 4. Nxd4 Nf6 5. Nc3 d6 6. g4 a6 7. g5 Nfd7 8. h4
b5 9. a3 Bb7 10. h5 Nc6 11. Rh3 Rc8 12. g6 hxg6 13. hxg6 Rxh3 14. gxf7+ Kxf7
15. Nxe6 Qh4 16. Ng5+ Ke8 17. Nxh3 Be7 18. Bf4 Nce5 19. Bg3 Qh6 20. Nd5 Bxd5
21. exd5 Bf6 22. Qe2 Kf8 23. Bg2 Nc4 24. Kf1 Re8 25. Qg4 Bxb2 26. Rd1 Nf6 27.
Qf5 Qh5 28. Qd3 Be5 29. Re1 Bxg3 30. Rxe8+ Nxe8 31. fxg3 Qe5 32. Nf4 Qa1+ 33.
Kf2 Nf6 34. Ne6+ Kf7 35. Ng5+ Ke7 36. Qe2+ Ne5 37. Bh3 Qxa3 38. Kg2 Nxd5 39.
Qe4 Qc5 40. Kh1 Qc4 41. Qh7 Nf7 42. Qxg7 Nc7 0-1

[Event "Memorial Xosé Enrique Rodríguez Peña"]
[Site "Ourense ESP"]
[Date "2007.06.08"]
[Round "2.5"]
[White "Lariño Nieto, David"]
[Black "Salgado Lopez, Ivan"]
[Result "0-1"]
[WhiteElo "2404"]
[BlackElo "2461"]
[PlyCount "72"]
[EventDate "2007.06.07"]
[EventType "tourn"]
[EventRounds "9"]
[EventCountry "ESP"]
[EventCategory "12"]
[Source "lmi"]
[SourceDate "2007.06.07"]

1. e4 e5 2. Nf3 Nf6 3. Nxe5 d6 4. Nf3 Nxe4 5. Qe2 Qe7 6. d3 Nf6 7. Bg5 Qxe2+ 8.
Bxe2 Be7 9. Nc3 h6 10. Be3 c6 11. Ne4 Nd5 12. Bd2 Bf5 13. c4 Nf6 14. Ng3 Bh7
15. Nd4 O-O 16. Ndf5 Re8 17. Nxe7+ Rxe7 18. O-O-O Nbd7 19. Bc3 Rae8 20. Rhe1 d5
21. f4 b6 22. h3 Re3 23. Bf3 Rxe1 24. Bxe1 Nc5 25. cxd5 Nxd3+ 26. Rxd3 Bxd3 27.
dxc6 g6 28. b3 Ne4 29. Ne2 Bxe2 30. Bxe2 Re6 31. Bc4 Rxc6 32. Kb2 Rf6 33. g3 g5
34. fxg5 hxg5 35. g4 Rf3 36. h4 Re3 0-1

[Event "Memorial Xosé Enrique Rodríguez Peña"]
[Site "Ourense ESP"]
[Date "2007.06.09"]
[Round "3.4"]
[White "Paunovic, Dragan"]
[Black "Felgaer, Ruben"]
[Result "1/2-1/2"]
[WhiteElo "2565"]
[BlackElo "2561"]
[PlyCount "86"]
[EventDate "2007.06.07"]
[EventType "tourn"]
[EventRounds "9"]
[EventCountry "ESP"]
[EventCategory "12"]
[Source "lmi"]
[SourceDate "2007.06.07"]

1. Nf3 c5 2. g3 Nc6 3. Bg2 g6 4. O-O Bg7 5. c3 e5 6. d3 Nge7 7. e4 O-O 8. a3 d6
9. b4 a6 10. Nbd2 h6 11. Rb1 Be6 12. Bb2 Rc8 13. Re1 Qc7 14. d4 cxd4 15. cxd4
Nxd4 16. Nxd4 exd4 17. Nf3 Nc6 18. Nxd4 Nxd4 19. Bxd4 Be5 20. Be3 h5 21. Rc1
Qd7 22. Qd2 Rxc1 23. Rxc1 Rc8 24. Bf4 Rxc1+ 25. Qxc1 Qc8 26. Qxc8+ Bxc8 27.
Bxe5 dxe5 28. f4 f6 29. Kf2 Kg7 30. Ke3 g5 31. fxe5 fxe5 32. h4 gxh4 33. gxh4
b5 34. Bf1 Kg6 35. Bd3 Bd7 36. Bc2 Be6 37. Kd2 Kh6 38. Kc3 Kg6 39. Bd3 Kh6 40.
a4 Bd7 41. axb5 axb5 42. Kd2 Kg6 43. Ke3 Kh6 1/2-1/2

[Event "Memorial Xosé Enrique Rodríguez Peña"]
[Site "Ourense ESP"]
[Date "2007.06.10"]
[Round "4.2"]
[White "Felgaer, Ruben"]
[Black "Koneev, Oleg"]
[Result "1/2-1/2"]
[WhiteElo "2561"]
[BlackElo "2524"]
[PlyCount "39"]
[EventDate "2007.06.07"]
[EventType "tourn"]
[EventRounds "9"]
[EventCountry "ESP"]
[EventCategory "12"]
[Source "lmi"]
[SourceDate "2007.06.07"]

1. e4 c5 2. Nc3 e6 3. Nf3 a6 4. d4 cxd4 5. Nxd4 Qc7 6. g3 Bb4 7. Nde2 Nf6 8.
Bg2 Be7 9. Nf4 Nc6 10. g4 d6 11. g5 Nd7 12. h4 b5 13. b3 Bb7 14. Bb2 Nce5 15.
Nh5 g6 16. Ng3 h5 17. Qe2 O-O 18. O-O-O b4 19. Na4 Bc6 20. f4 1/2-1/2

[Event "Memorial Xosé Enrique Rodríguez Peña"]
[Site "Ourense ESP"]
[Date "2007.06.10"]
[Round "4.4"]
[White "Lariño Nieto, David"]
[Black "Nataf, Igor Alexandre"]
[Result "1/2-1/2"]
[WhiteElo "2404"]
[BlackElo "2596"]
[PlyCount "277"]
[EventDate "2007.06.07"]
[EventType "tourn"]
[EventRounds "9"]
[EventCountry "ESP"]
[EventCategory "12"]
[Source "lmi"]
[SourceDate "2007.06.07"]

1. e4 c5 2. d3 Nc6 3. g3 g6 4. Bg2 Bg7 5. f4 d6 6. Nh3 e5 7. O-O Nge7 8. f5
gxf5 9. Qh5 h6 10. exf5 Ng8 11. c3 Bd7 12. Nd2 Nf6 13. Qe2 Qe7 14. Ne4 O-O-O
15. Be3 Kb8 16. Kh1 Bc8 17. Bg1 Nxe4 18. dxe4 h5 19. Bf3 Bf6 20. a3 b6 21. b4
Bb7 22. Qc2 Qc7 23. b5 Ne7 24. c4 Rdg8 25. Rad1 Rg7 26. Qd3 Nc8 27. Be3 Qd8 28.
a4 Qg8 29. Rg1 Bd8 30. Qd2 f6 31. Qe2 Bc7 32. Nf2 Ne7 33. Bd2 a5 34. Rb1 Ka7
35. Nd1 Qa8 36. Bg2 h4 37. g4 Nxf5 38. gxf5 Rxg2 39. Kxg2 Bxe4+ 40. Kf2 Bxb1
41. Ne3 Be4 42. Rg7 Qd8 43. Qg4 Bb7 44. h3 Kb8 45. Nd5 Bxd5 46. cxd5 Qe8 47.
Qg6 Bd8 48. Kf3 Kc8 49. Kg4 Be7 50. Be1 Kd7 51. Bf2 Kd8 52. Bxh4 Qxg6+ 53. Rxg6
Rf8 54. Rg7 Ke8 55. Be1 Rh8 56. h4 Kf8 57. Rg6 Kf7 58. h5 Bf8 59. Bd2 Bg7 60.
h6 Bf8 61. Kh5 Rh7 62. Bxa5 bxa5 63. b6 Ke8 64. Rg7 Rxh6+ 65. Kxh6 Kd8 66. b7
Bxg7+ 67. Kxg7 Kc7 68. Kxf6 e4 69. Kg6 e3 70. f6 e2 71. f7 e1=Q 72. b8=Q+ Kxb8
73. f8=Q+ Kc7 74. Qf7+ Kd8 75. Qb7 Qe8+ 76. Kf6 Qe5+ 77. Kg6 Qg3+ 78. Kf6 Qf4+
79. Kg6 Qxa4 80. Qb8+ Ke7 81. Kg5 Qe8 82. Qc7+ Kf8 83. Kf6 Qe5+ 84. Kg6 Qe7 85.
Qxa5 Qf7+ 86. Kh6 Qf6+ 87. Kh5 Kg7 88. Qa8 Qf8 89. Qc6 Kf6 90. Qb6 Qf7+ 91. Kg4
Qg6+ 92. Kh3 Qf5+ 93. Kg3 Ke5 94. Qb7 c4 95. Qb2+ Kxd5 96. Qb5+ Ke6 97. Qxc4+
Kf6 98. Qf4 Ke6 99. Qc4+ Ke7 100. Qc7+ Qd7 101. Qc3 Qe8 102. Qc7+ Qd7 103. Qc3
Qa4 104. Qg7+ Kd8 105. Kf3 Qe8 106. Qg5+ Kc8 107. Qd5 Qf8+ 108. Ke2 Qf4 109.
Qc6+ Kd8 110. Qb7 Qd4 111. Qf7 Kc8 112. Qe7 Qg4+ 113. Kd2 Qg2+ 114. Kd3 Qg3+
115. Kd2 Qa3 116. Ke2 Kb8 117. Qd7 Qc5 118. Kd3 Qd5+ 119. Ke3 Qd1 120. Kf2 Qd3
121. Ke1 d5 122. Qc6 Ka7 123. Qd6 Kb7 124. Kf2 Qc2+ 125. Ke3 Qc3+ 126. Ke2 d4
127. Qg6 Qb2+ 128. Kd1 Qa1+ 129. Ke2 Qa2+ 130. Kd1 Qb3+ 131. Qc2 Qb4 132. Qg6
Qe7 133. Kd2 Qe3+ 134. Kd1 Kc7 135. Qa6 Qf3+ 136. Kd2 Qf2+ 137. Qe2 Qf6 138.
Qc4+ Kb6 139. Kd3 1/2-1/2

[Event "Memorial Xosé Enrique Rodríguez Peña"]
[Site "Ourense ESP"]
[Date "2007.06.10"]
[Round "4.5"]
[White "Salgado Lopez, Ivan"]
[Black "Strikovic, Aleksa"]
[Result "0-1"]
[WhiteElo "2461"]
[BlackElo "2563"]
[PlyCount "66"]
[EventDate "2007.06.07"]
[EventType "tourn"]
[EventRounds "9"]
[EventCountry "ESP"]
[EventCategory "12"]
[Source "lmi"]
[SourceDate "2007.06.07"]

1. e4 e5 2. Nf3 Nc6 3. Bb5 a6 4. Ba4 Nf6 5. O-O Be7 6. Re1 b5 7. Bb3 d6 8. c3
O-O 9. h3 Na5 10. Bc2 c5 11. d4 Nd7 12. d5 Nc4 13. a4 b4 14. Bd3 Na5 15. cxb4
cxb4 16. Be3 g6 17. Nbd2 f5 18. exf5 gxf5 19. Nc4 Nxc4 20. Bxc4 Kh8 21. a5 Bf6
22. Qc2 e4 23. Nd4 Ne5 24. Nc6 Qe8 25. Bf1 Rg8 26. Nxe5 Bxe5 27. Rad1 f4 28.
Bd4 Bf5 29. Qd2 Rg7 30. Qxb4 Qh5 31. Bxe5 dxe5 32. d6 Rag8 33. d7 Qxh3 0-1

[Event "Memorial Xosé Enrique Rodríguez Peña"]
[Site "Ourense ESP"]
[Date "2007.06.11"]
[Round "5.1"]
[White "Strikovic, Aleksa"]
[Black "Guliyev, Namig"]
[Result "1/2-1/2"]
[WhiteElo "2563"]
[BlackElo "2590"]
[PlyCount "127"]
[EventDate "2007.06.07"]
[EventType "tourn"]
[EventRounds "9"]
[EventCountry "ESP"]
[EventCategory "12"]
[Source "lmi"]
[SourceDate "2007.06.07"]

1. e4 c5 2. c3 d5 3. exd5 Qxd5 4. d4 Nf6 5. Be3 cxd4 6. cxd4 e6 7. Nc3 Qa5 8.
Nf3 Be7 9. Bc4 O-O 10. O-O Nc6 11. Qe2 a6 12. Bb3 Bd7 13. Rfd1 Nb4 14. Ne5 Rad8
15. Bg5 Bc6 16. Rac1 Bd5 17. Bxf6 Bxf6 18. Nxd5 Nxd5 19. Rc5 Qb6 20. Bxd5 exd5
21. f4 Rfe8 22. Rc3 g6 23. Qf2 Bg7 24. Rdc1 f6 25. Nd3 Re7 26. Rb3 Qd6 27. Re1
Rde8 28. Rxe7 Rxe7 29. g3 Qd7 30. Kg2 Qa4 31. Nc5 Qc4 32. Re3 Bf8 33. b3 Qb5
34. Ne6 Qc6 35. f5 Bh6 36. Re2 Qd6 37. g4 Re8 38. Rc2 gxf5 39. gxf5 Kh8 40. Qf3
Rg8+ 41. Kh3 Qb4 42. Qxd5 Qe1 43. Qf3 Bg5 44. Nxg5 Rxg5 45. Rg2 Rxg2 46. Kxg2
Qd2+ 47. Qf2 Qd3 48. Qf4 Qe2+ 49. Kg3 Qe1+ 50. Kh3 Qc3+ 51. Kg4 Kg7 52. Qe4 Qd2
53. Qxb7+ Kh6 54. Qe4 Qxa2 55. Qe3+ Kg7 56. Qe7+ Kg8 57. Qd8+ Kg7 58. Qc7+ Kf8
59. Qg3 Qe2+ 60. Kf4 Qd2+ 61. Ke4 Qc2+ 62. Kf4 Qd2+ 63. Ke4 Qc2+ 64. Kf4
1/2-1/2

[Event "Memorial Xosé Enrique Rodríguez Peña"]
[Site "Ourense ESP"]
[Date "2007.06.11"]
[Round "5.2"]
[White "Nataf, Igor Alexandre"]
[Black "Salgado Lopez, Ivan"]
[Result "1-0"]
[WhiteElo "2596"]
[BlackElo "2461"]
[PlyCount "77"]
[EventDate "2007.06.07"]
[EventType "tourn"]
[EventRounds "9"]
[EventCountry "ESP"]
[EventCategory "12"]
[Source "lmi"]
[SourceDate "2007.06.07"]

1. e4 e6 2. d4 d5 3. Nc3 Nc6 4. Nf3 Nf6 5. Bg5 Be7 6. Bd3 Nxe4 7. Nxe4 dxe4 8.
Bxe7 Qd5 9. Bc5 exf3 10. c4 fxg2 11. Rg1 Qd7 12. Qg4 f6 13. Bxh7 b6 14. Bg6+
Kd8 15. O-O-O Na5 16. Qxg2 Bb7 17. Be4 Bxe4 18. Qxe4 c6 19. b3 Kc7 20. Bb4 Rae8
21. Rg6 Nb7 22. Rdg1 Rh7 23. Qg4 c5 24. dxc5 bxc5 25. Bc3 Re7 26. h4 e5 27. Qe4
Qc6 28. Qc2 Kb6 29. R6g4 Rh8 30. Kb2 Nd6 31. Rxg7 Rxg7 32. Rxg7 Rxh4 33. Qd2
Rf4 34. Ba5+ Ka6 35. Rc7 Nxc4+ 36. bxc4 Qe6 37. Rxc5 Rd4 38. Qb4 Qd7 39. Rc7
1-0

[Event "Memorial Xosé Enrique Rodríguez Peña"]
[Site "Ourense ESP"]
[Date "2007.06.11"]
[Round "5.3"]
[White "Paunovic, Dragan"]
[Black "Lariño Nieto, David"]
[Result "1-0"]
[WhiteElo "2565"]
[BlackElo "2404"]
[PlyCount "103"]
[EventDate "2007.06.07"]
[EventType "tourn"]
[EventRounds "9"]
[EventCountry "ESP"]
[EventCategory "12"]
[Source "lmi"]
[SourceDate "2007.06.07"]

1. d4 e6 2. Nf3 d5 3. c4 c5 4. cxd5 exd5 5. g3 Nc6 6. Bg2 Nf6 7. O-O Be7 8.
dxc5 Bxc5 9. Bg5 O-O 10. Nc3 d4 11. Bxf6 Qxf6 12. Nd5 Qd8 13. Nd2 Bh3 14. Bxh3
Qxd5 15. Bg2 Qe6 16. Rc1 Bb6 17. Nc4 Rfe8 18. Bf3 Rad8 19. Qd3 Bc7 20. a3 h5
21. Bxh5 b5 22. Bf3 Bb8 23. Bxc6 Qxc6 24. Na5 Qe6 25. Nc6 Rd5 26. Nxb8 Rxb8 27.
Rc2 Re8 28. h4 g5 29. hxg5 Rxg5 30. Kg2 Rh5 31. Rh1 Qd5+ 32. f3 Rxh1 33. Kxh1
Re3 34. Qd2 Qf5 35. Kg2 d3 36. Qxe3 dxc2 37. Qc3 a5 38. e4 b4 39. axb4 axb4 40.
Qxc2 Qb5 41. b3 Qe5 42. Qd2 Qc3 43. Qd5 Qe1 44. Kh3 Kg7 45. Kg4 f6 46. Qd7+ Kg6
47. Qe6 Kg7 48. Kf5 Qc3 49. Qe7+ Kh6 50. Qxf6+ Kh7 51. Qf7+ Kh8 52. Kg6 1-0

[Event "Memorial Xosé Enrique Rodríguez Peña"]
[Site "Ourense ESP"]
[Date "2007.06.11"]
[Round "5.4"]
[White "Koneev, Oleg"]
[Black "Oral, Tomas"]
[Result "1/2-1/2"]
[WhiteElo "2524"]
[BlackElo "2543"]
[PlyCount "45"]
[EventDate "2007.06.07"]
[EventType "tourn"]
[EventRounds "9"]
[EventCountry "ESP"]
[EventCategory "12"]
[Source "lmi"]
[SourceDate "2007.06.07"]

1. e4 c5 2. Nf3 Nc6 3. d4 cxd4 4. Nxd4 Qc7 5. Nc3 e6 6. Be3 a6 7. Qd2 Nf6 8.
O-O-O Bb4 9. f3 Ne5 10. Nb3 b5 11. Kb1 Nc4 12. Bxc4 bxc4 13. Nd4 O-O 14. g4 Rb8
15. g5 Nh5 16. Ka1 Qb7 17. Rb1 f5 18. exf5 exf5 19. f4 Qc7 20. Qe2 Bb7 21. Rhd1
Rbe8 22. Qf2 Re7 23. Nde2 1/2-1/2

[Event "Memorial Xosé Enrique Rodríguez Peña"]
[Site "Ourense ESP"]
[Date "2007.06.12"]
[Round "6.1"]
[White "Guliyev, Namig"]
[Black "Felgaer, Ruben"]
[Result "1/2-1/2"]
[WhiteElo "2590"]
[BlackElo "2561"]
[PlyCount "39"]
[EventDate "2007.06.07"]
[EventType "tourn"]
[EventRounds "9"]
[EventCountry "ESP"]
[EventCategory "12"]
[Source "lmi"]
[SourceDate "2007.06.07"]

1. e4 c5 2. Nf3 Nc6 3. d4 cxd4 4. Nxd4 Nf6 5. Nc3 e5 6. Ndb5 d6 7. Bg5 a6 8.
Na3 b5 9. Nd5 Be7 10. Bxf6 Bxf6 11. c3 O-O 12. Nc2 Bg5 13. a4 bxa4 14. Rxa4 a5
15. Bc4 Rb8 16. b3 Kh8 17. O-O f5 18. exf5 Bxf5 19. Nce3 Bg6 20. Bd3 1/2-1/2

[Event "Memorial Xosé Enrique Rodríguez Peña"]
[Site "Ourense ESP"]
[Date "2007.06.12"]
[Round "6.3"]
[White "Lariño Nieto, David"]
[Black "Koneev, Oleg"]
[Result "0-1"]
[WhiteElo "2404"]
[BlackElo "2524"]
[PlyCount "74"]
[EventDate "2007.06.07"]
[EventType "tourn"]
[EventRounds "9"]
[EventCountry "ESP"]
[EventCategory "12"]
[Source "lmi"]
[SourceDate "2007.06.07"]

1. e4 c5 2. d3 d5 3. Nd2 Nc6 4. g3 d4 5. Bg2 e5 6. Ne2 h5 7. f4 h4 8. f5 Be7 9.
Ng1 g6 10. g4 g5 11. Ndf3 f6 12. c4 Nh6 13. h3 Nf7 14. Bd2 Kf8 15. Ne2 Bd7 16.
O-O Kg7 17. Rb1 a6 18. a3 b5 19. b4 cxb4 20. axb4 a5 21. bxa5 bxc4 22. dxc4
Nxa5 23. Nexd4 Bc5 24. Bb4 Qe7 25. Bxc5 Qxc5 26. Kh1 exd4 27. e5 Nxe5 28. Nxd4
Rad8 29. Rf2 Kh6 30. Rd2 Bc6 31. Nxc6 Rxd2 32. Qxd2 Naxc6 33. Rb5 Qxc4 34. Rd5
Ra8 35. Rd6 Ra1+ 36. Kh2 Qc5 37. Rxf6+ Kh7 0-1

[Event "Memorial Xosé Enrique Rodríguez Peña"]
[Site "Ourense ESP"]
[Date "2007.06.13"]
[Round "7.1"]
[White "Nataf, Igor Alexandre"]
[Black "Guliyev, Namig"]
[Result "0-1"]
[WhiteElo "2596"]
[BlackElo "2590"]
[PlyCount "66"]
[EventDate "2007.06.07"]
[EventType "tourn"]
[EventRounds "9"]
[EventCountry "ESP"]
[EventCategory "12"]
[Source "lmi"]
[SourceDate "2007.06.07"]

1. e4 e5 2. Nf3 Nf6 3. d4 Nxe4 4. dxe5 d5 5. Bd3 Nc5 6. Be2 Nc6 7. O-O Be7 8.
Nc3 Be6 9. Nd4 Nxd4 10. Qxd4 c6 11. f4 Bf5 12. g4 Bxc2 13. Be3 Ne4 14. Rac1 Bc5
15. Qxc5 Nxc5 16. Bxc5 Be4 17. Rfd1 f5 18. exf6 Qxf6 19. Nxe4 dxe4 20. Rc4 Qxf4
21. Rf1 Qe5 22. Rf5 Qxb2 23. Rxe4+ Kd8 24. Rd4+ Kc8 25. Bc4 b5 26. Be6+ Kb7 27.
Rd7+ Ka6 28. Bd4 Qb4 29. Rff7 c5 30. Rd6+ Ka5 31. Bf2 Rhd8 32. Bd7 Rf8 33. Re7
Rxf2 0-1

[Event "Memorial Xosé Enrique Rodríguez Peña"]
[Site "Ourense ESP"]
[Date "2007.06.13"]
[Round "7.4"]
[White "Graf, Alexander"]
[Black "Lariño Nieto, David"]
[Result "1-0"]
[WhiteElo "2620"]
[BlackElo "2404"]
[PlyCount "41"]
[EventDate "2007.06.07"]
[EventType "tourn"]
[EventRounds "9"]
[EventCountry "ESP"]
[EventCategory "12"]
[Source "lmi"]
[SourceDate "2007.06.07"]

1. d4 e6 2. c4 d5 3. Nf3 c5 4. cxd5 exd5 5. Nc3 Nc6 6. Bf4 Nf6 7. e3 cxd4 8.
Nxd4 Bb4 9. Bb5 Bd7 10. O-O O-O 11. Rc1 Rc8 12. Nxc6 Bxc6 13. Be2 Ne4 14. Be5
Qg5 15. f4 Qd8 16. Bxg7 Re8 17. Nxe4 dxe4 18. Bd4 Qa5 19. Bh5 Bd7 20. f5 Bxf5
21. Qb3 1-0

[Event "Memorial Xosé Enrique Rodríguez Peña"]
[Site "Ourense ESP"]
[Date "2007.06.14"]
[Round "8.3"]
[White "Salgado Lopez, Ivan"]
[Black "Graf, Alexander"]
[Result "0-1"]
[WhiteElo "2461"]
[BlackElo "2620"]
[PlyCount "68"]
[EventDate "2007.06.07"]
[EventType "tourn"]
[EventRounds "9"]
[EventCountry "ESP"]
[EventCategory "12"]
[Source "lmi"]
[SourceDate "2007.06.07"]

1. e4 e5 2. Nf3 Nc6 3. Bb5 a6 4. Ba4 Nf6 5. O-O Nxe4 6. d4 b5 7. Bb3 d5 8. dxe5
Be6 9. Be3 Be7 10. c3 Nc5 11. Nbd2 Nd3 12. Rb1 Ndxe5 13. Nxe5 Nxe5 14. Bd4 Ng4
15. Re1 Nf6 16. Nf3 O-O 17. Ng5 Bf5 18. Bc2 Bg6 19. b4 Nd7 20. Nxh7 Kxh7 21.
Qh5+ Kg8 22. Bxg6 fxg6 23. Qxd5+ Kh7 24. Re3 Bg5 25. Rh3+ Bh6 26. g4 Rf4 27. g5
Rf5 28. Qc6 Rxg5+ 29. Kh1 Ne5 30. Qe6 Qd7 31. Qxd7 Nxd7 32. Re1 Kg8 33. Re7 Rd8
34. Rd3 Rd5 0-1

[Event "Memorial Xosé Enrique Rodríguez Peña"]
[Site "Ourense ESP"]
[Date "2007.06.15"]
[Round "9.2"]
[White "Koneev, Oleg"]
[Black "Nataf, Igor Alexandre"]
[Result "1/2-1/2"]
[WhiteElo "2524"]
[BlackElo "2596"]
[PlyCount "54"]
[EventDate "2007.06.07"]
[EventType "tourn"]
[EventRounds "9"]
[EventCountry "ESP"]
[EventCategory "12"]
[Source "lmi"]
[SourceDate "2007.06.07"]

1. e4 c5 2. Nf3 Nc6 3. d4 cxd4 4. Nxd4 Nf6 5. Nc3 e5 6. Ndb5 d6 7. Bg5 a6 8.
Na3 b5 9. Nd5 Be7 10. Bxf6 Bxf6 11. c4 b4 12. Nc2 a5 13. g3 Bg5 14. Bg2 O-O 15.
O-O Be6 16. Nce3 Ne7 17. Qd3 Bxe3 18. Nxe3 Qd7 19. Rad1 Rfd8 20. Rd2 Qc7 21. h4
a4 22. Kh2 Nc6 23. f4 f6 24. Nd5 Qb7 25. f5 Bxd5 26. Qxd5+ Kf8 27. Rfd1 Ra5
1/2-1/2

[Event "Memorial Xosé Enrique Rodríguez Peña"]
[Site "Ourense ESP"]
[Date "2007.06.15"]
[Round "9.4"]
[White "Felgaer, Ruben"]
[Black "Salgado Lopez, Ivan"]
[Result "1/2-1/2"]
[WhiteElo "2561"]
[BlackElo "2461"]
[PlyCount "89"]
[EventDate "2007.06.07"]
[EventType "tourn"]
[EventRounds "9"]
[EventCountry "ESP"]
[EventCategory "12"]
[Source "lmi"]
[SourceDate "2007.06.07"]

1. e4 c5 2. Ne2 Nf6 3. Nbc3 d6 4. d4 cxd4 5. Nxd4 a6 6. h3 e6 7. g4 d5 8. Bg2
Nxe4 9. Nxe4 dxe4 10. Bxe4 Be7 11. Be3 Nd7 12. Qe2 Qa5+ 13. c3 O-O 14. h4 Nf6
15. Bc2 e5 16. Nf5 Bxf5 17. gxf5 Rac8 18. Rg1 Kh8 19. Bb3 b5 20. Kf1 b4 21.
cxb4 Qxb4 22. Bg5 e4 23. Qxa6 Rc5 24. Qa4 Qb7 25. Re1 Rxf5 26. Bxf6 Bxf6 27.
Qxe4 Qb5+ 28. Re2 g6 29. Qc4 Qd7 30. Rg3 Kg7 31. Qd3 Qc8 32. Rc2 Rc5 33. h5
Rxc2 34. Bxc2 Rd8 35. Qe4 Rd4 36. Qe2 Qc6 37. Kg1 Rc4 38. Bd1 Rh4 39. Rg2 Qc1
40. hxg6 hxg6 41. Rg3 Qh6 42. Qf3 Bd4 43. Rg4 Rxg4+ 44. Qxg4 Qd2 45. Qe2
1/2-1/2

[Event "Memorial Xosé Enrique Rodríguez Peña"]
[Site "Ourense ESP"]
[Date "2007.06.15"]
[Round "9.5"]
[White "Oral, Tomas"]
[Black "Lariño Nieto, David"]
[Result "1/2-1/2"]
[WhiteElo "2543"]
[BlackElo "2404"]
[PlyCount "66"]
[EventDate "2007.06.07"]
[EventType "tourn"]
[EventRounds "9"]
[EventCountry "ESP"]
[EventCategory "12"]
[Source "lmi"]
[SourceDate "2007.06.07"]

1. e4 e6 2. d4 d5 3. Nd2 Nf6 4. e5 Nfd7 5. Bd3 c5 6. c3 Nc6 7. Ne2 cxd4 8. cxd4
f6 9. exf6 Nxf6 10. Nf3 Qc7 11. O-O Bd6 12. Bg5 O-O 13. Rc1 Bd7 14. Ng3 Qb6 15.
Qd2 Ng4 16. Bb1 g6 17. Rcd1 Rae8 18. h3 Nxf2 19. Qxf2 e5 20. Nh5 Nxd4 21. Be3
Bc5 22. Kh1 Rxf3 23. gxf3 gxh5 24. Qh4 Kh8 25. Qxh5 Re7 26. Bxh7 Rxh7 27. Qxe5+
Kg8 28. Bxd4 Qg6 29. Rg1 Rxh3+ 30. Qh2 Rxh2+ 31. Kxh2 Bd6+ 32. Kh1 Bg3 33. Rxg3
Qxg3 1/2-1/2